| 000 | 00631nam a2200217 i 4500 | ||
|---|---|---|---|
| 001 | 65556 | ||
| 003 | ES-MaACL | ||
| 005 | 20250901034332.0 | ||
| 007 | t| | ||
| 008 | 040115s1970 sp ||||1| spa d | ||
| 100 | 1 |
_aFriedmann, Georges. _952641 |
|
| 245 | 1 | 3 |
_aEl hombre y la técnica / _cGeorges Friedmann ; traducción de Angel Abad. |
| 260 |
_aBarcelona : _bAriel, _c[1970] |
||
| 300 |
_a215 p. ; _c18 cm. |
||
| 490 | 1 | _aAriel quincenal | |
| 700 | 1 |
_aAbad, Ángel _917894 |
|
| 830 | 0 |
_aAriel quincenal _9180806 |
|
| 852 |
_aES-MaACL _jC-40409 _bR.75505 |
||
| 852 |
_aES-MaACL _jE-5977 _bR.90128 |
||
| 999 |
_c65556 _d65556 |
||